|
|
|
|
| LEADER |
00000nam a22000007a 4500 |
| 008 |
220513b2015 ||||| |||| 00| 0 spa d |
| 999 |
|
|
|c 3956
|d 3956
|
| 020 |
|
|
|a 9789968527347
|
| 090 |
|
|
|a digital
|
| 111 |
|
|
|9 4785
|a Tercer Congreso Internacional de Investigación Educativa
|c San José, Costa Rica
|d 3, 4 y 5 de febrero de 2015
|
| 245 |
1 |
0 |
|a Tercer Congreso Internacional de Investigación Educativa: Educación y globalización: Memoria
|
| 260 |
|
|
|a [San José, Costa Rica]
|b INIE,
|c 2015
|
| 300 |
|
|
|a 1254 páginas;
|b 1 recurso en línea; pdf
|
| 520 |
|
|
|a El Tercer Congreso Internacional de Investigación Educativa: Educación y globalización, fue realizado los días 3,4 y 5 de febrero de 2015. Los objetivos de este evento académico se centraron en: analizar los resultados de la incidencia de las investigaciones educativas producidas en el último quinquenio, a nivel nacional e internacional, en el marco de la globalización. Como resultado se presentó la memoria que incluye las participaciones de las personas ponentes nacionales e internacionales. Los trabajos presentados abordaron temáticas relacionadas con: pedagogía, didáctica, evaluación, currículo, educación y proceso socioculturales, tecnologías de la información en educación, los medios de comunicación social, la investigación educativa y trabajos interdisciplinarios en educación.
|
| 650 |
1 |
4 |
|9 1
|a EDUCACIÓN
|
| 650 |
1 |
4 |
|9 163
|a INVESTIGACIÓN
|
| 650 |
1 |
4 |
|9 506
|a CONFERENCIA
|
| 856 |
|
|
|u http://repositorio.inie.ucr.ac.cr/handle/123456789/554
|
| 942 |
|
|
|h digital
|2 z
|c 01
|